Statistiche per Riconosci lo Stato - Quiz n°182

Clicka qui per fare il quiz!

Statistiche generali

  • Questo quiz è stato fatto 6 volte
  • Il punteggio medio è 11 su 13

Statistiche sulle risposte

IndizioRisposta% Corretto
PIL (nominale)13 654 milioni di $
100%
Popolazione393.686 ab.
100%
Iniziale della CapitaleR
100%
ISU0,959
83%
Superficie102.819 km²
83%
Indipendenza17 giugno 1944 dalla Danimarca
83%
Tasso di crescita2,00%
83%
ValutaCorona
83%
Presidente della RepubblicaGuðni Thorlacius Jóhannesson
83%
RispostaIslanda
83%
Presidente del Consiglio dei MinistriKatrín Jakobsdóttir
83%
Forma di GovernoRepubblica parlamentare
83%
Fuso OrarioUTC+0
83%

Distribuzione punteggi

Percentile per numero di risposta

Percentuale di utenti per punteggio

I tuoi punteggi nel tempo

Non hai fatto questo quiz